| 000 | 00737nam a2200229 a 4500 | ||
|---|---|---|---|
| 999 |
_c12011 _d12011 |
||
| 001 | 12011 | ||
| 003 | BD-JhCC | ||
| 005 | 20211202134020.0 | ||
| 008 | 210301b2012 bg |||| ||a| 000 0 ben d | ||
| 020 | _a97898483831925 | ||
| 035 | _a(BD-JhCC)12011 | ||
| 040 |
_aBD-JhCC _dBD-JhCC |
||
| 041 | _aBengali | ||
| 082 |
_a813.54 _bRUM 2012 |
||
| 100 | _aরুমী,হাসান খুরশীদ | ||
| 245 |
_aওয়ার্ল্ড ফেমাস সায়েন্স ফিকশন ২ / _cহাসান খুরশীদ রুমী। |
||
| 260 |
_aঢাকা: _bসৃজনী; _c২০১২. |
||
| 300 |
_a287 p. : _c22 cm. |
||
| 650 | _aBengali Science Fiction | ||
| 942 |
_2ddc _cBK _02 |
||